Understandable psychiatry. (Record no. 1190)

MARC details
000 -LEADER
fixed length control field 00411cam a22001691 4500
005 - DATE AND TIME OF LATEST TRANSACTION
control field 20260322212050.0
008 - FIXED-LENGTH DATA ELEMENTS--GENERAL INFORMATION
fixed length control field data
040 ## - CATALOGING SOURCE
Original cataloging agency DNLM
Transcribing agency DNLM
041 09 - LANGUAGE CODE
Language code of text/sound track or separate title eng
060 00 - NATIONAL LIBRARY OF MEDICINE CALL NUMBER
Classification number WM 75
Item number H665u 1948
001 - CONTROL NUMBER
control field data
100 1# - MAIN ENTRY--PERSONAL NAME
Personal name Hinsie, Leland Earl,
Dates associated with a name 1895-
245 10 - TITLE STATEMENT
Title Understandable psychiatry.
Statement of responsibility, etc. Leland Earl Hinsie.
260 ## - PUBLICATION, DISTRIBUTION, ETC.
Place of publication, distribution, etc. New York,
Name of publisher, distributor, etc. Macmillan,
Date of publication, distribution, etc. 1948.
300 ## - PHYSICAL DESCRIPTION
Extent vii, 359 p.
650 #2 - SUBJECT ADDED ENTRY--TOPICAL TERM
Topical term or geographic name entry element Mental Disorders
Holdings
Withdrawn status Lost status Damaged status Not for loan Home library Current library Shelving location Date acquired Total checkouts Full call number Barcode Date last seen Price effective from Koha item type
        Centerville Centerville General stacks 22/03/2026   GEN BC0011229 22/03/2026 22/03/2026 Books